[Event "Panchenko Memorial-B 2020"]
[Site "Chelyabinsk"]
[Date "2020.09.15"]
[Round "9.3"]
[White "Zherebtsova, Alexandra"]
[Black "Khokhlova, Daria"]
[Result "1/2-1/2"]
[WhiteElo "2187"]
[BlackElo "2155"]
[Annotator "TA"]
[PlyCount "86"]
[EventDate "2020.09.07"]
[EventType "swiss"]
[EventCountry "RUS"]
[SourceTitle "playchess.com"]
[Source "ChessBase"]
[SourceQuality "1"]

{[%evp 11,86,26,44,47,62,60,79,78,80,58,97,80,113,101,115,57,46,56,62,49,47,50,47,37,47,31,54,50,51,16,50,50,56,51,58,47,65,52,55,54,82,83,83,71,76,71,79,54,54,54,54,54,54,29,29,29,26,0,0,0,0,0,0,0,0,0,0,0,3,0,0,0,0,0,0,0,29988]} 1. d4 c5 2. d5 e6 3. Nc3 Nf6 4. Nf3 exd5 5. Nxd5 Nxd5 6. Qxd5 Be7 7. Bf4 {A43: Schmid Benoni.} Nc6 8. O-O-O O-O 9. Bd6 {White is better.} Bxd6 10. Qxd6 {[#]} Qe7 $146 ({Predecessor:} 10... b6 11. e3 a6 12. Bd3 Ra7 13. h4 Qe7 14. Bf5 Re8 15. Rd5 Qxd6 16. Rxd6 g6 {1-0 (29) Landa,K (2638)-Simacek,P (2485) Czechia 2013}) 11. e3 a6 12. h4 Re8 13. Ng5 (13. Qxe7 $16 Rxe7 14. Be2) 13... Qxd6 $14 14. Rxd6 b5 15. Be2 h6 16. Nh3 Ne5 17. Nf4 Bb7 18. Rhd1 Ra7 19. g4 Be4 20. Nh5 (20. Rg1 {is interesting.} Kf8 21. g5 Ke7 22. Rd2 Rh8 23. h5) 20... Re6 21. Ng3 Rxd6 22. Rxd6 Bc6 23. h5 f6 24. f4 Nf7 25. Rd2 d5 26. Bf3 Rd7 27. Nf5 Kf8 28. c3 Nd8 29. b4 Ne6 30. a3 Ke8 31. Bd1 Kd8 32. Bb3 Kc7 33. Kb2 Nd8 34. Ng3 Nb7 {The position is equal.} 35. Nf5 Nd6 36. Nxd6 Kxd6 $11 {[%mdl 4096] Endgame KRB-KRB} 37. e4 {[%cal Rb3d5]} c4 38. Bc2 Re7 39. Kc1 Ke6 40. Rd4 dxe4 41. Bxe4 Bxe4 42. Rxe4+ Kd6 43. Rxe7 Kd5 $2 {[%mdl 40960] Accuracy: White = 83%, Black = 87%. . An unexpected result.} (43... Kxe7 $11 44. f5 Kd7) 1/2-1/2

[Event "Panchenko Memorial-B 2020"]
[Site "Chelyabinsk"]
[Date "2020.09.15"]
[Round "9.4"]
[White "Semenova, Elena"]
[Black "Garifullina, Leya"]
[Result "1/2-1/2"]
[WhiteElo "2283"]
[BlackElo "2357"]
[Annotator "TA"]
[PlyCount "137"]
[EventDate "2020.09.07"]
[EventType "swiss"]
[EventCountry "RUS"]
[SourceTitle "playchess.com"]
[Source "ChessBase"]
[SourceQuality "1"]

{[%evp 11,137,25,32,26,28,34,31,23,23,12,18,0,26,0,0,0,0,6,62,47,59,57,100,102,95,94,100,96,127,107,125,115,115,115,110,116,118,120,121,93,137,137,134,109,109,107,108,107,108,98,114,98,98,98,97,97,109,99,92,74,76,64,80,51,50,51,85,70,77,70,130,89,89,91,111,27,27,28,31,22,22,19,28,20,98,102,119,46,93,87,84,0,31,8,16,16,18,18,24,0,25,0,0,0,0,0,0,0,0,0,0,0,0,0,0,0,0,0,0,0,0,0,0,0,0,0,0,0]} 1. e4 c5 2. Nf3 Nc6 3. Bb5 g6 4. Bxc6 dxc6 5. d3 Bg7 6. h3 e5 7. a4 {B31: Sicilian: 2...Nc6 3 Bb5 g6.} a5 8. Be3 b6 9. Nbd2 {White is slightly better.} Qc7 10. Nc4 Be6 11. Nfd2 {[#]} Ne7 $146 ({Predecessor:} 11... Nf6 12. b4 b5 13. axb5 cxb5 14. Rxa5 Rxa5 15. Nxa5 cxb4 16. Nab3 Nd7 17. Ke2 O-O {0-1 (45) Cerveny,P (2333)-Karttunen,M (2466) Pardubice 2019}) 12. b4 $36 {[%mdl 2048] White is more active.} axb4 {[#]} 13. a5 $1 {[%mdl 512]} bxa5 14. Bxc5 a4 (14... O-O $1 $11) 15. Qb1 O-O $1 16. Bd6 Qb7 17. Qxb4 Qxb4 18. Bxb4 Rfe8 19. Ke2 Nc8 20. Rhb1 Na7 21. Nd6 Reb8 {Black wants to play ...Nb5.} 22. Rxa4 {[#] And now Rba1 would win.} Nb5 23. Rxa8 Rxa8 24. Nxb5 cxb5 25. Bd6 Rd8 26. Be7 Re8 27. Bc5 Bd7 28. Kd1 Rc8 29. Bb4 Ra8 30. Nb3 f6 31. Ra1 Rxa1+ 32. Nxa1 $16 {[%mdl 4096] Endgame KBB-KBN} Kf7 33. Nb3 h5 34. Kd2 g5 35. Bc5 f5 36. exf5 Bxf5 37. Be3 g4 38. hxg4 Bxg4 39. Nc5 Bf8 40. Ne4 Bd7 (40... h4 $14) 41. Bg5 Kg6 42. Bd8 Bc6 43. g3 (43. f3 $16) 43... Kf5 $11 44. f3 b4 45. Bb6 Ba4 46. Kc1 b3 {Hoping for ...Ba3+.} 47. c4 b2+ (47... Ba3+ $11 {remains equal.} 48. Kb1 Bc6) 48. Kxb2 $16 Bd1 49. g4+ (49. c5 $16) 49... hxg4 $14 50. fxg4+ Bxg4 51. Bc5 (51. c5 $16) 51... Bh6 52. Kc3 Ke6 53. Bf2 Be2 54. Be1 Be3 55. Bf2 Bf4 56. c5 {Threatening c6.} Kd5 {The position is equal.} 57. Nd6 Bg5 58. Nc4 Be7 59. Nb6+ Kc6 60. Nc4 Kd5 61. Nb6+ Kc6 62. Na4 Kb5 63. Kd2 Kxa4 64. Kxe2 $11 {Strongly threatening Kf3. KB-KB} Kb5 65. Kf3 Bxc5 66. Bxc5 Kxc5 67. Ke4 Kd6 68. d4 exd4 69. Kxd4 {Accuracy: White = 82%, Black = 83%.} 1/2-1/2

[Event "Panchenko Memorial-B 2020"]
[Site "Chelyabinsk"]
[Date "2020.09.15"]
[Round "9.5"]
[White "Smirnova, Ekaterina"]
[Black "Guseva, Marina"]
[Result "0-1"]
[WhiteElo "2278"]
[BlackElo "2378"]
[Annotator "TA"]
[PlyCount "102"]
[EventDate "2020.09.07"]
[EventType "swiss"]
[EventCountry "RUS"]
[SourceTitle "playchess.com"]
[Source "ChessBase"]
[SourceQuality "1"]

{[%evp 15,102,21,34,26,26,36,32,20,35,16,6,5,23,-8,0,-33,0,0,0,-34,-10,-26,-24,-34,-23,-66,-27,-50,-19,-15,-10,-38,-38,-41,-25,-40,-25,-25,-21,-25,-22,-17,-14,-10,0,-2,0,-28,-22,-35,-25,-28,-26,-85,-66,-151,-150,-304,-238,-300,-290,-765,-317,-321,-305,-453,-236,-296,-279,-375,-382,-370,-362,-435,-451,-1416,-1416,-1400,-1350,-1570,-1364,-29985,-29986,-29987,-29988,-29995,-29996,-29997,-29998]} 1. d4 Nf6 2. c4 e6 3. Nf3 d5 4. Nc3 c6 5. Bg5 Nbd7 {[%cal Bb8d7,Bd7f6,Bf6g4][%mdl 32]} 6. cxd5 exd5 7. e3 Be7 8. Qc2 {is currently scoring better than 8.Bd3.} Nh5 9. h4 {D36: Queen's Gambit Declined: Exchange Variation: Main line (5 Bg5 c6 6 Qc2).} Ndf6 10. Ne5 Ng4 11. Be2 {White is slightly better.} Nhf6 $1 {[#]} 12. Bxf6 $146 ({Predecessor:} 12. Bf4 O-O 13. Bd3 h6 14. Nxg4 Bxg4 15. f3 Be6 16. O-O-O c5 17. Kb1 cxd4 18. exd4 {1-0 (38) Brzoza,M (2327)-Berthelot,P (2046) ICCF email 2018}) 12... Nxf6 13. g4 Nd7 14. Nxd7 (14. O-O-O {seems wilder.} Bd6 15. Nf3 h5 16. gxh5 Nf6 17. Ne5) 14... Bxd7 15. g5 Be6 16. O-O-O Qd7 17. Bd3 Bg4 18. Rdg1 g6 19. f4 O-O-O 20. Rf1 Kb8 21. Rhg1 Bb4 22. f5 Bh5 23. Qf2 (23. a3 $5 {[%cal Ra3b4]} Ba5 24. Qf2 $11) 23... Rhe8 24. Kb1 Re7 25. Re1 Rde8 26. f6 Re6 27. Bf1 {next Bh3 is good for White.} Rd6 28. Ka1 Bg4 29. Bd3 Ka8 30. Qf4 Bh5 31. Qf2 (31. a3 {feels hotter.} Ba5 32. b4 Bc7 33. Na4 Qh3 34. Nc5) 31... a6 32. a3 Bxc3 33. bxc3 Rde6 34. Ka2 {[#]} (34. Bf1 $11) 34... c5 $1 $17 {[%mdl 512]} 35. Be2 (35. Rg3 $15) (35. dxc5 Qc7) 35... Bxe2 36. Rxe2 $2 {This costs White the game.} (36. Qxe2 $17 Qa4 37. Qd1) 36... Qa4 {...Qc4+ is the strong threat.} 37. dxc5 Qc4+ 38. Kb2 $2 {[#]} (38. Kb1) 38... Qb5+ (38... d4 $142 $1 {[%cal Re6e3][%mdl 512]} 39. Kb1 (39. cxd4 Rxe3) 39... dxc3) 39. Ka2 $19 Qxc5 {[%cal Re6e3]} 40. Rc1 {[#]} (40. Rg4 $142 Re4 41. Rxe4 Rxe4 42. Rb2) 40... Re4 (40... d4 $142 $1 {[%cal Re6e3][%mdl 512]} 41. e4 (41. cxd4 Qxc1) 41... Rxe4 42. Rxe4 Rxe4) 41. Rb2 Rxe3 42. Qc2 R8e4 43. Qb3 {[%csl Gb2][%cal Rb3b7]} b5 44. Rd2 Rc4 45. Rcd1 (45. Rdc2 $142 Rxh4 46. Rd1) 45... Rexc3 46. Rxd5 Qe3 47. Rd8+ {[#]} Ka7 $1 48. R1d7+ {[#]} Kb6 $1 {Black mates.} 49. Rd6+ {[#]} Ka5 $1 50. Ra8 Rc2+ ({Weaker is} 50... Rxb3 51. Rdxa6#) 51. Ka1 Qc1+ {Accuracy: White = 46%, Black = 81%.} ({Inferior is} 51... Qxb3 52. Rdxa6#) 0-1